000 00651nam a2200205 i 4500
001 bgj
100 1 _aPRANINSKAS, Jean
245 1 0 _aRapid Review of English Grammar :
_ba text for students of English as a second language /
_cJean Praninskas.
250 _a2nd edition.
260 _aEnglewood Cliffs, NJ :
_bPrentice Hall Regents,
_cc. 1975.
300 _aVIII, 370 pp :
_bill., fig. ;
_c24 cm.
505 _aIncludes index.
650 9 _aEnglish language
_xGrammar
_xTextbooks for foreigners
020 _a0137531451
040 _cBPK
041 0 _aeng
920 _a0-13-753145-1
942 _cKS
008 s uk f |000 0 eng
999 _c47802
_d47802
856 _uhttp://koha.tu.koszalin.pl/cgi-bin/koha/opac-detail.pl?biblionumber=47802
_yKatalog online BPK